FUNDAMENTAKLS OF HOSPITALITY (Record no. 8006)

MARC details
000 -LEADER
fixed length control field 00337nam a22001457a 4500
020 ## - INTERNATIONAL STANDARD BOOK NUMBER
International Standard Book Number 81-920935-06
082 ## - DEWEY DECIMAL CLASSIFICATION NUMBER
Classification number 646.7
Item number SRI
100 ## - MAIN ENTRY--PERSONAL NAME
Personal name SRIVASTVA,NEELENDRA
245 ## - TITLE STATEMENT
Title FUNDAMENTAKLS OF HOSPITALITY
250 ## - EDITION STATEMENT
Edition statement 1ST
260 ## - PUBLICATION, DISTRIBUTION, ETC. (IMPRINT)
Place of publication, distribution, etc DELHI
Name of publisher, distributor, etc NAMAN PUBILSHER
Year of Publication 2011
300 ## - PAGE DESCRIPTION
No. of Pages 286
650 ## - SUBJECT ADDED ENTRY--TOPICAL TERM
Topical term or geographic name as entry element HOSPITALITY MANAGMENT
942 ## - ADDED ENTRY ELEMENTS (KOHA)
Source of classification or shelving scheme Dewey Decimal Classification
Koha item type Books
Holdings
Withdrawn status Lost status Source of classification or shelving scheme Damaged status Not for loan Collection code Home library Current library Shelving location Date acquired Vendor Name Cost, normal purchase price SGTU Bill Number Total Checkouts Full call number Accession No. (Barcode) Date last seen Bill Date Koha item type
    Dewey Decimal Classification     HOTEL MANAGEMENT SGT Science & Social Sciences Library SGT Science & Social Sciences Library Text Book 08/10/2015 JINDAL BOOK SERVICE 350.00 SGTU 1775   646.7 SRI HM158 08/10/2015   Books
    Dewey Decimal Classification     HOTEL MANAGEMENT SGT Science & Social Sciences Library SGT Science & Social Sciences Library Text Book 08/10/2015 JINDAL BOOK SERVICE 350.00 SGTU 1775   646.7 SRI HM159 08/10/2015   Books
    Dewey Decimal Classification     HOTEL MANAGEMENT SGT Science & Social Sciences Library SGT Science & Social Sciences Library Text Book 08/10/2015 JINDAL BOOK SERVICE 350.00 SGTU 1775   646.7 SRI HM160 08/10/2015   Books
    Dewey Decimal Classification     HOTEL MANAGEMENT SGT Science & Social Sciences Library SGT Science & Social Sciences Library Text Book 08/10/2015 JINDAL BOOK SERVICE 350.00 SGTU 1775   646.7 SRI HM161 08/10/2015   Books
    Dewey Decimal Classification     HOTEL MANAGEMENT SGT Science & Social Sciences Library SGT Science & Social Sciences Library Text Book 08/10/2015 JINDAL BOOK SERVICE 350.00 SGTU 1775   646.7 SRI HM162 08/10/2015   Books